The greatest Urdu stories ever told / (Record no. 152459)

MARC details
000 -LEADER
fixed length control field 00571nam a22001937a 4500
005 - DATE AND TIME OF LATEST TRANSACTION
control field 20180605164349.0
010 ## - LCCN (DPL NO)
LC control number ENG-123134
020 ## - INTERNATIONAL STANDARD BOOK NUMBER
Terms of availability 699.00
International Standard Book Number 9789383064076
035 ## - SYSTEM CONTROL NUMBER
System control number EN-106666
037 ## - SOURCE OF ACQUISITION
Source of stock number/acquisition DBAD/PUB
082 ## - DEWEY DECIMAL CLASSIFICATION NUMBER
Classification number S
245 ## - TITLE STATEMENT
Title The greatest Urdu stories ever told /
Statement of responsibility, etc selected and translated by Muhammad Umar Memon
260 ## - PUBLICATION, DISTRIBUTION, ETC. (IMPRINT)
Place of publication, distribution, etc New Delhi
Name of publisher, distributor, etc Aleph Book
Date of publication, distribution, etc 2017
270 ## - ADDRESS
Address 7/16 Ansari Road,Daryaganj
City New Delhi
Postal code 110002
300 ## - PHYSICAL DESCRIPTION
Extent xxv,346p.
Dimensions 22cm(Hb)
500 ## - GENERAL NOTE
General note It includes index
700 ## - ADDED ENTRY--PERSONAL NAME
Personal name Memon Muhammad Umar
942 ## - ADDED ENTRY ELEMENTS (KOHA)
Source of classification or shelving scheme Dewey Decimal Classification
Item type English Books
Call number suffix MEM
Classification part S
Holdings
Withdrawn status Lost status Not for loan Collection code Home library Current library Date acquired Source of acquisition Cost, normal purchase price Full call number Barcode Copy number Cost, replacement price Koha item type
    Not For Loan Fiction D.B.Act.Division Patel Nagar 31/05/2018 DBAD/PUB 699.00 S MEM EN-106666 1 699.00 English Books

© Delhi Public Library
Hit Counter
free hit counter